The rise of the Mexican drug cartels and U.S. national security : hearing before the Committee on Oversight and Government Reform, House of Representatives, One Hundred Eleventh Congress, first session, July 9, 2009.

Bibliographic Details
Corporate Author: United States. Congress. House. Committee on Oversight and Government Reform
Format: Government Document eBook
Language:English
Published: Washington : U.S. G.P.O., 2009.
Subjects:
Online Access:Electronic resource (PDF)

MARC

Tag First Indicator Second Indicator Subfields
LEADER 00000cam a22000001a 4500
001 in00004100680
005 20200117091338.0
006 m d f
007 cr bn mmmapmmp
008 100611s2009 dcub ob f000 0 eng d
035 |a chdc201000635 
040 |a UMI  |c UMI  |d UtOrBLW 
042 |a pcc 
043 |a n-mx---  |a n-us--- 
074 |a 1016-A 
086 0 |a Y 4.G 74/7:111-24 
088 |a Serial no. 111-24 (United States. Congress. House. Committee on Oversight and Government Reform) 
110 1 |a United States.  |b Congress.  |b House.  |b Committee on Oversight and Government Reform.  |0 http://id.loc.gov/authorities/names/no2007034839 
245 1 4 |a The rise of the Mexican drug cartels and U.S. national security :  |b hearing before the Committee on Oversight and Government Reform, House of Representatives, One Hundred Eleventh Congress, first session, July 9, 2009. 
264 1 |a Washington :  |b U.S. G.P.O.,  |c 2009. 
264 2 |a Washington :  |b For sale by the Supt. of Docs., U.S. G.P.O. 
300 |a iii, 150 pages :  |b map, digital, PDF file. 
336 |a text  |b txt  |2 rdacontent 
337 |a computer  |b c  |2 rdamedia 
338 |a online resource  |b cr  |2 rdacarrier 
500 |a "Printed for the use of the Committee on Oversight and Government Reform." 
500 |a Shipping list number: 2010-0140-P. 
504 |a Includes bibliographical references. 
500 |a "Serial number 111-24." 
500 |a "54-008 PDF." 
500 |a Record is based on bibliographic data in ProQuest Congressional Hearings Digital Collection. Reuse except for individual research requires license from ProQuest, LLC. 
500 |a Electronic resource. 
533 |a Electronic reproduction.  |b [Bethesda, Md.] :  |c ProQuest,  |d 2010.  |e digital, PDF file.  |n ProQuest U.S. Congressional Hearings Digital Collection.  |n Mode of access: World Wide Web via ProQuest website. 
538 |a System requirements: PDF reader software. 
650 0 |a Drug traffic  |z Mexican-American Border Region.  |0 http://id.loc.gov/authorities/subjects/sh2009123892 
650 0 |a Drug dealers  |z Mexico. 
650 0 |a National security  |z United States.  |0 http://id.loc.gov/authorities/subjects/sh85140387 
776 0 8 |i Print version:   |a United States. Congress. House. Committee on Oversight and Government Reform.  |t Rise of the Mexican drug cartels and U.S. national security  |w 9780160852718  |w 0160852714  |w (OCoLC)ocn606909833  |z 2010443248 
776 0 8 |i Microfiche version:   |a United States. Congress. House. Committee on Oversight and Government Reform.  |t rise of the Mexican drug cartels and U.S. national security  |d [Bethesda, Md.] : ProQuest,[2010]  |o CIS 2010 H601-44  |w (ProQuest)cis01001188  
856 4 0 |u http://proxy.library.tamu.edu/login?url=http://search.proquest.com/congcomp/getdoc?HEARING-ID=HRG-2009-CGR-0023  |y Electronic resource (PDF)  |t 0 
998 |a cis01001188  
999 f f |s bdf427e1-45be-3e04-b793-a546eb1669be  |i cdb283eb-5e06-3ee4-a16e-a8741c46e9e6  |t 0 
952 f f |a Texas A&M University  |b College Station  |c Electronic Resources  |d Available Online  |t 0  |e Y 4.G 74/7:111-24  |h Superintendent of Documents classification 
998 f f |a Y 4.G 74/7:111-24  |t 0  |l Available Online